000 00409nam a2200157Ia 4500
008 230917s9999||||xx |||||||||||||| ||und||
040 _e48923
_aMAIN
041 _aEnglish
082 _a954.01 C392E(2)
100 _aChattopadhyaya, Brajadulal
245 0 _aEssays in ancient Indian economic history
250 _a2nd ed.
260 _aNew Delhi
_bPrimus Books
_c2014
300 _axv, 240 p.
942 _cBK
999 _c60405
_d60405